[Event "Hull 4NCL op"]
[Site "Hull"]
[Date "2022.10.15"]
[Round "2"]
[White "Johnson, Paul A"]
[Black "Kovalskyi, Roman"]
[Result "0-1"]
[WhiteElo "1817"]
[BlackElo "2153"]
[PlyCount "98"]
[EventDate "2022.10.14"]
[EventType "swiss"]
[EventRounds "5"]
[EventCountry "ENG"]
[SourceTitle "CBM 210 Extra"]
[Source "ChessBase"]
[SourceDate "2022.11.30"]
[SourceVersion "1"]
[SourceVersionDate "2022.11.30"]
[SourceQuality "1"]

1. d4 d5 2. Nf3 c5 3. e3 Nf6 4. b3 Bg4 5. Be2 Nc6 6. 0-0 e6 7. Bb2 Be7 8. Nbd2 0-0 9. c4 b6 10. Rc1 Rc8 11. a3 Qc7 12. Ne5 Nxe5 13. dxe5 Bxe2 14. Qxe2 Nd7 15. f4 dxc4 16. bxc4 a6 17. Ne4 Qc6 18. Qc2 b5 19. Rcd1 Nb6 20. Nd6 Rcd8 21. cxb5 axb5 22. Qb3 Bxd6 23. Rxd6 Rxd6 24. exd6 Nc4 25. Qc3 f6 26. Rd1 Nxd6 27. Qd3 Ne4 28. h3 c4 29. Qd4 Nc5 30. Bc3 Nd3 31. Bb4 Ra8 32. Rd2 h6 33. Rc2 Qd5 34. Qb6 Nxb4 35. Rb2 Qc6 36. Qxc6 Nxc6 37. Rxb5 Rxa3 38. Rb6 Na5 39. Rxe6 c3 40. Re8+ Kf7 41. Rc8 Nb7 42. Kf2 Nd6 43. Rc7+ Kg6 44. Ke2 Ra2+ 45. Kd3 Nb5 46. Rc5 Rd2+ 47. Ke4 c2 48. f5+ Kh7 49. Kf3 Na3 0-1

[Event "Daventry 4NCL Easter op-A 2nd"]
[Site "Daventry"]
[Date "2022.04.17"]
[Round "4"]
[White "Handley, Michael R"]
[Black "Johnson, Paul A"]
[Result "1-0"]
[WhiteElo "1982"]
[BlackElo "1827"]
[PlyCount "131"]
[EventDate "2022.04.15"]
[EventType "swiss"]
[EventRounds "7"]
[EventCountry "ENG"]
[SourceTitle "CBM 207 Extra"]
[Source "ChessBase"]
[SourceDate "2022.05.31"]
[SourceVersion "1"]
[SourceVersionDate "2022.05.31"]
[SourceQuality "1"]

1. d4 d5 2. c4 e6 3. Nf3 Nf6 4. g3 Be7 5. Bg2 0-0 6. 0-0 c5 7. cxd5 exd5 8. Nc3 Nc6 9. Bg5 Be6 10. dxc5 Bxc5 11. Rc1 Be7 12. Qa4 h6 13. Bf4 Qd7 14. Rfd1 Rfd8 15. Ne5 Nxe5 16. Bxe5 Qxa4 17. Nxa4 Rd7 18. Nc5 Bxc5 19. Rxc5 Ne4 20. Rc2 Rad8 21. Bd4 b6 22. f3 Nd6 23. g4 f5 24. h3 f4 25. Be5 g5 26. b3 Kf7 27. Kf2 Nb7 28. h4 Nc5 29. hxg5 hxg5 30. Bd4 Nb7 31. e3 fxe3+ 32. Kxe3 Re7 33. Kf2 Rc8 34. Rxc8 Bxc8 35. Be3 Re5 36. f4 gxf4 37. Bxf4 Re7 38. Bxd5+ Be6 39. Bxe6+ Rxe6 40. Rd7+ Re7 41. Rxe7+ Kxe7 42. Ke3 Nc5 43. Kd4 Ke6 44. Kc4 a6 45. Bc7 Nd7 46. Kd4 Nf6 47. g5 Nd7 48. Bd8 Kd6 49. Ke4 Ke6 50. Kf4 b5 51. Ke4 Ne5 52. Bf6 Nc6 53. Bc3 Ne7 54. Kd4 Nd5 55. Bd2 Kd6 56. g6 Nf6 57. Bb4+ Ke6 58. Bf8 Nd7 59. g7 Kf7 60. Kd5 Nxf8 61. gxf8Q+ Kxf8 62. Kc5 Ke7 63. Kb6 Kd6 64. b4 Kd5 65. Kxa6 Kc4 66. Ka5 1-0

[Event "Daventry 4NCL Easter op-A 2nd"]
[Site "Daventry"]
[Date "2022.04.16"]
[Round "3"]
[White "Johnson, Paul A"]
[Black "Varley, Joe"]
[Result "1/2-1/2"]
[WhiteElo "1827"]
[BlackElo "1871"]
[PlyCount "107"]
[EventDate "2022.04.15"]
[EventType "swiss"]
[EventRounds "7"]
[EventCountry "ENG"]
[SourceTitle "CBM 207 Extra"]
[Source "ChessBase"]
[SourceDate "2022.05.31"]
[SourceVersion "1"]
[SourceVersionDate "2022.05.31"]
[SourceQuality "1"]

1. d4 Nf6 2. c4 g6 3. Nc3 d5 4. cxd5 Nxd5 5. e4 Nxc3 6. bxc3 Bg7 7. Bc4 c5 8. Ne2 0-0 9. 0-0 Nc6 10. Be3 b6 11. Qd2 Bb7 12. f3 Rc8 13. Rac1 e6 14. Rfd1 Qc7 15. Qb2 Rfd8 16. Kh1 h6 17. Bd3 Qe7 18. Bf2 Rd7 19. e5 Rcd8 20. Bc2 Na5 21. Ba4 Rc7 22. Ng3 Nc4 23. Qb1 Bd5 24. Ne4 Bxe4 25. fxe4 Qg5 26. Qc2 Rdc8 27. Qe2 Na5 28. Be3 Qh4 29. Bf2 Qe7 30. Be3 cxd4 31. cxd4 Nc4 32. Bb3 b5 33. Bf4 g5 34. Bg3 Qb4 35. Be1 Qa3 36. Rc2 Rd7 37. Bxc4 bxc4 38. Rxc4 Rcd8 39. Bb4 Qa6 40. Bd6 Bf8 41. Bxf8 Rxd4 42. Rcxd4 Rxd4 43. Qh5 Rxd1+ 44. Qxd1 Kxf8 45. Qd8+ Kg7 46. Qf6+ Kg8 47. h4 Qc4 48. hxg5 Qc1+ 49. Kh2 hxg5 50. Qd8+ Kh7 51. Qf6 Kg8 52. Qd8+ Kh7 53. Qf6 Kg8 54. Qd8+ 1/2-1/2

[Event "Hull 4NCL op"]
[Site "Hull"]
[Date "2021.10.24"]
[Round "4"]
[White "Andal, Edmond"]
[Black "Johnson, Paul A"]
[Result "1/2-1/2"]
[WhiteElo "2230"]
[BlackElo "1851"]
[PlyCount "126"]
[EventDate "2021.10.22"]
[EventType "swiss"]
[EventRounds "5"]
[EventCountry "ENG"]
[SourceTitle "CBM 204 Extra"]
[Source "ChessBase"]
[SourceDate "2021.11.30"]
[SourceVersion "1"]
[SourceVersionDate "2021.11.30"]
[SourceQuality "1"]

1. d4 d5 2. c4 e6 3. Nc3 Nf6 4. cxd5 exd5 5. Bg5 Be7 6. e3 c6 7. Qc2 0-0 8. Bd3 Nbd7 9. h3 Re8 10. Nf3 Nf8 11. 0-0 Ne4 12. Bf4 Nxc3 13. bxc3 Bd6 14. Bxd6 Qxd6 15. c4 dxc4 16. Bxc4 Be6 17. Rab1 Bxc4 18. Qxc4 Re7 19. Rb3 Rc8 20. Rc1 h6 21. Rcb1 b6 22. Qa6 Rec7 23. Rc3 Nd7 24. Rbc1 Qd5 25. Ne1 c5 26. Nd3 Qb7 27. Qxb7 Rxb7 28. dxc5 bxc5 29. Nxc5 Nxc5 30. Rxc5 Rxc5 31. Rxc5 Rb1+ 32. Kh2 Rb2 33. Ra5 Rxf2 34. Rxa7 Re2 35. Ra3 Kf8 36. Kg3 Ke7 37. Kf3 Rd2 38. Ra7+ Ke6 39. a4 Ra2 40. a5 g6 41. a6 Kf6 42. h4 h5 43. Ra8 Kg7 44. a7 Ra4 45. g3 f6 46. Ke2 f5 47. Kd3 Kh7 48. Kc3 Kg7 49. Kb3 Ra1 50. Kc4 Ra3 51. Kd5 Ra1 52. Kd6 Ra3 53. Kc6 Ra1 54. Kd7 Ra3 55. Kd6 Ra1 56. Ke7 Ra3 57. Kd6 Ra1 58. Kc6 Ra2 59. Kb6 Rb2+ 60. Kc5 Ra2 61. Kb4 Ra1 62. Kc5 Ra2 63. Kd6 Ra1 1/2-1/2

[Event "Newcastle Northumbria Masters"]
[Site "Newcastle on Tyne"]
[Date "2021.08.26"]
[Round "1"]
[White "Villiers, Thomas"]
[Black "Johnson, Paul A"]
[Result "1-0"]
[WhiteElo "2165"]
[BlackElo "1812"]
[PlyCount "113"]
[EventDate "2021.08.26"]
[EventType "swiss"]
[EventRounds "9"]
[EventCountry "ENG"]
[SourceTitle "CBM 204 Extra"]
[Source "ChessBase"]
[SourceDate "2021.11.30"]
[SourceVersion "1"]
[SourceVersionDate "2021.11.30"]
[SourceQuality "1"]

1. c4 e5 2. Nc3 Nf6 3. e3 Nc6 4. Nge2 d6 5. d4 exd4 6. Nxd4 Nxd4 7. Qxd4 Be7 8. Be2 0-0 9. 0-0 c6 10. Rd1 Qa5 11. e4 Be6 12. Bf4 Rfd8 13. Qd2 Kh8 14. a3 Rd7 15. b4 Qd8 16. Rac1 Qe8 17. h3 Rad8 18. Qb2 h6 19. Rc2 Qf8 20. Rcd2 Ne8 21. Be3 b6 22. Qc2 f5 23. exf5 Bxf5 24. Bd3 Bxd3 25. Qxd3 d5 26. cxd5 cxd5 27. Qg6 Qf6 28. Qxf6 Nxf6 29. Bd4 Kg8 30. Bxf6 Bxf6 31. Rxd5 Rxd5 32. Nxd5 Kf7 33. Kf1 Rd7 34. Ke2 Bd8 35. Ne3 Rxd1 36. Nxd1 Ke6 37. Kd3 b5 38. Nc3 a6 39. Ne4 Bb6 40. f4 g6 41. Nc3 g5 42. fxg5 hxg5 43. Ke4 Bc7 44. Ne2 Be5 45. g3 Kf6 46. h4 gxh4 47. gxh4 Bb2 48. Nf4 Be5 49. Nd5+ Ke6 50. h5 Kd6 51. h6 Bh8 52. Nf4 Bf6 53. h7 Kc6 54. Ng6 Kb6 55. h8Q Bxh8 56. Nxh8 a5 57. Kd5 1-0

[Event "BCF-chT3N 1920 (4NCL)"]
[Site "England"]
[Date "2019.11.10"]
[Round "2.56"]
[White "Flint, Martina"]
[Black "Johnson, Paul A"]
[Result "1/2-1/2"]
[WhiteElo "1817"]
[BlackElo "1818"]
[PlyCount "137"]
[EventDate "2019.11.09"]
[EventType "team-swiss"]
[EventRounds "11"]
[EventCountry "ENG"]
[SourceTitle "EXT 2022"]
[Source "ChessBase"]
[SourceDate "2021.10.06"]
[SourceVersion "1"]
[SourceVersionDate "2021.10.06"]
[SourceQuality "1"]
[WhiteTeam "Jorvik"]
[BlackTeam "Bradford DCA Knights II"]
[WhiteTeamCountry "ENG"]
[BlackTeamCountry "ENG"]

1. f4 d5 2. g3 Nf6 3. Bg2 c5 4. Nf3 Nc6 5. 0-0 e6 6. d3 Bd6 7. c3 d4 8. Na3 0-0 9. Nc4 Qc7 10. Ng5 Bd7 11. Ne4 Be7 12. Bd2 Rad8 13. Qe1 Bc8 14. h3 Nxe4 15. dxe4 f5 16. e5 b6 17. Na3 a6 18. Kh2 Bb7 19. Rc1 Rd7 20. Nc2 Rfd8 21. cxd4 Nxd4 22. Nxd4 Rxd4 23. Bc3 Bxg2 24. Kxg2 Qb7+ 25. Kh2 R4d7 26. Qf2 c4 27. g4 fxg4 28. hxg4 Qe4 29. Qf3 Qxf3 30. Rxf3 Rd1 31. Rxd1 Rxd1 32. Re3 Bc5 33. Re4 b5 34. a3 g6 35. f5 gxf5 36. gxf5 exf5 37. Rf4 Rd8 38. Rxf5 Bd4 39. Kg2 Bxc3 40. bxc3 Rf8 41. Rh5 Kg7 42. e6 Re8 43. e4 Rxe6 44. Kf3 Kg6 45. Rd5 h5 46. Rd4 Rf6+ 47. Kg3 Kf7 48. a4 Rb6 49. Kh4 Kg6 50. axb5 axb5 51. Rd5 Re6 52. Rg5+ Kf6 53. Rf5+ Ke7 54. Kxh5 Rxe4 55. Rxb5 Re3 56. Kg4 Kd6 57. Kf4 Rxc3 58. Ke4 Kc6 59. Rg5 Rd3 60. Rh5 Rd6 61. Rg5 Kb6 62. Ke3 c3 63. Ke2 Rd2+ 64. Ke1 Rd6 65. Ke2 c2 66. Rg1 Rc6 67. Rc1 Kb5 68. Kd2 Kb4 69. Rxc2 1/2-1/2

[Event "Newcastle Northumbria Masters"]
[Site "Newcastle on Tyne"]
[Date "2019.08.27"]
[Round "9"]
[White "Chipanga, Takaedza"]
[Black "Johnson, Paul A"]
[Result "1-0"]
[WhiteElo "2068"]
[BlackElo "1804"]
[PlyCount "169"]
[EventDate "2019.08.23"]
[EventType "swiss"]
[EventRounds "9"]
[EventCountry "ENG"]
[SourceTitle "EXT 2020"]
[Source "ChessBase"]
[SourceDate "2019.10.17"]
[SourceVersion "1"]
[SourceVersionDate "2019.10.17"]
[SourceQuality "1"]

1. d4 d5 2. c4 e6 3. g3 Nf6 4. Bg2 Be7 5. Nf3 0-0 6. 0-0 c5 7. cxd5 exd5 8. Nc3 Nc6 9. Bg5 Be6 10. Rc1 Ne4 11. Bxe7 Qxe7 12. dxc5 Rfd8 13. Na4 d4 14. Ne1 Bxa2 15. Ra1 Bd5 16. Nd3 Nf6 17. b4 Bxg2 18. Kxg2 Re8 19. Re1 Rad8 20. Qb3 Nd5 21. Rac1 Ne5 22. b5 Ng4 23. c6 bxc6 24. bxc6 Qe4+ 25. Kg1 Nge3 26. fxe3 Nxe3 27. Nf4 g5 28. Nc5 Qxc6 29. Qb7 Qxb7 30. Nxb7 Rb8 31. Nh5 Re6 32. h3 f5 33. Nc5 Rc6 34. Nd7 Rbc8 35. Nhf6+ Kg7 36. Rxc6 Rxc6 37. Kf2 g4 38. h4 a5 39. Nh5+ Kh6 40. Nf4 a4 41. Ne5 Rb6 42. Ng2 Nxg2 43. Kxg2 a3 44. Ra1 Rb2 45. Kf2 a2 46. Nd3 Rc2 47. Ke1 Kg7 48. Kd1 Rc7 49. Rxa2 Re7 50. Ke1 Kf7 51. Ra6 Re6 52. Ra7+ Re7 53. Ra4 Re4 54. Ra5 Kf6 55. Rd5 Ke6 56. Rd8 Kf6 57. Rd6+ Kg7 58. Kf2 Kf7 59. Nc5 Re5 60. Nb3 Re4 61. Rxd4 Rxd4 62. Nxd4 Kf6 63. e3 Ke5 64. Ke2 Ke4 65. Ne6 h6 66. Ng7 Ke5 67. Kd3 Kf6 68. Ne8+ Ke7 69. Nc7 Kd6 70. Na8 Kd5 71. Nb6+ Kc5 72. Nd7+ Kd5 73. Nb6+ Ke5 74. Na4 Kd5 75. Nc3+ Ke5 76. Kc4 Ke6 77. Kd4 Kd6 78. Nb5+ Ke6 79. Kc5 Ke5 80. Nc3 Ke6 81. Kc6 Ke5 82. Kd7 Kf6 83. Kd6 Kf7 84. Ke5 Kg6 85. Ne2 1-0

[Event "Newcastle Northumbria Masters"]
[Site "Newcastle on Tyne"]
[Date "2019.08.27"]
[Round "8"]
[White "Johnson, Paul A"]
[Black "Guha, Chirag"]
[Result "1-0"]
[WhiteElo "1804"]
[BlackElo "1941"]
[PlyCount "105"]
[EventDate "2019.08.23"]
[EventType "swiss"]
[EventRounds "9"]
[EventCountry "ENG"]
[SourceTitle "EXT 2020"]
[Source "ChessBase"]
[SourceDate "2019.10.17"]
[SourceVersion "1"]
[SourceVersionDate "2019.10.17"]
[SourceQuality "1"]

1. d4 d5 2. Nf3 Nf6 3. c4 e6 4. Nc3 c6 5. cxd5 exd5 6. Bg5 Be7 7. e3 Nbd7 8. Bd3 Nf8 9. Qc2 Ne6 10. Bxf6 Bxf6 11. Bxh7 g6 12. Bxg6 fxg6 13. Qxg6+ Ke7 14. g3 Bd7 15. Qc2 Qg8 16. 0-0-0 Qg4 17. Ne5 Bxe5 18. dxe5 Be8 19. f4 Bg6 20. e4 dxe4 21. Nxe4 Qf5 22. Rhe1 Rad8 23. Rd6 Rxd6 24. exd6+ Kd7 25. h4 b6 26. Qc3 Rf8 27. Qa3 a5 28. Qb3 b5 29. Qe3 c5 30. Qc3 b4 31. Qc4 Rc8 32. Qb5+ Kd8 33. Qb6+ Ke8 34. Qb7 Nc7 35. d7+ Kxd7 36. Qxc8+ Kxc8 37. Nd6+ Kd7 38. Nxf5 Bxf5 39. Re5 Bd3 40. Rxc5 a4 41. Ra5 Bb5 42. h5 Kc6 43. h6 Bd3 44. f5 Kb6 45. Re5 Ne8 46. h7 Bxf5 47. Rxf5 Ng7 48. Rf6+ Kc5 49. h8Q Ne6 50. Rxe6 a3 51. Qe5+ Kc4 52. b3+ Kd3 53. Qe3# 1-0

[Event "Newcastle Northumbria Masters"]
[Site "Newcastle on Tyne"]
[Date "2019.08.26"]
[Round "7"]
[White "Yoon, Jacob D"]
[Black "Johnson, Paul A"]
[Result "1-0"]
[WhiteElo "1971"]
[BlackElo "1804"]
[PlyCount "83"]
[EventDate "2019.08.23"]
[EventType "swiss"]
[EventRounds "9"]
[EventCountry "ENG"]
[SourceTitle "EXT 2020"]
[Source "ChessBase"]
[SourceDate "2019.10.17"]
[SourceVersion "1"]
[SourceVersionDate "2019.10.17"]
[SourceQuality "1"]

1. e4 c5 2. Nf3 d6 3. c3 Nf6 4. Be2 Nc6 5. d4 Qc7 6. 0-0 e5 7. d5 Ne7 8. Bb5+ Bd7 9. Bxd7+ Qxd7 10. Re1 g6 11. b4 b6 12. a4 Bg7 13. a5 0-0 14. axb6 axb6 15. Rxa8 Rxa8 16. Na3 Ra4 17. Nc4 Nc8 18. Ncxe5 dxe5 19. Nxe5 Qb5 20. Nc6 cxb4 21. cxb4 Rxb4 22. Nxb4 Qxb4 23. Bd2 Qc4 24. Qf3 h6 25. Rc1 Qa6 26. e5 Nd7 27. Qh3 Nc5 28. d6 Qb7 29. f4 Na7 30. Be3 Nc6 31. Qf3 Bf8 32. Bxc5 bxc5 33. Qd5 Na5 34. Qxb7 Nxb7 35. Rb1 Nd8 36. Rb8 Ne6 37. Re8 c4 38. d7 c3 39. Rxe6 Bc5+ 40. Kf1 c2 41. d8Q+ Kg7 42. Qf6+ 1-0